00309nam a2200109Ia 4500008004100000020001500041082001500056100002100071245005600092260004200148300000900190210430s9999 xx 000 0 und d a9698854002 a297 H968 T aIqbal S. Hussain 4aThe Decline of the Muslim Ummah /cIqbal S. Hussain aLahore, LondonbIqbal S.Hussainc2004 a467p